|
|
|
|
| LEADER |
00754cam a2200229 7i4500 |
| 001 |
0000017552 |
| 005 |
20151104090000.0 |
| 005 |
##20151104121000.0 |
| 003 |
##MY-KlINT |
| 020 |
# |
# |
|a 0517223260
|
| 039 |
# |
9 |
|y 201511041210
|z VLOAD
|
| 090 |
0 |
0 |
|a 941.084
|b HAY
|
| 100 |
1 |
# |
|a Hayward, Steven F
|
| 245 |
1 |
0 |
|a Churchill on leadership :
|b executive success in the face of adversity /
|c Steven F Hayward.
|
| 260 |
# |
# |
|a New York:
|b Gramercy books,
|c 1998.
|
| 300 |
# |
# |
|a xx,202p.;
|c 22cm.
|
| 500 |
# |
# |
|a Includes bibliographical references and index
|
| 650 |
# |
0 |
|a Great Britain --
|x Politics and government --
|y 20th century
|
| 650 |
# |
0 |
|a Prime ministers --
|x Bioghaphy --
|z Great Britain
|
| 650 |
# |
0 |
|a Leadership
|
| 650 |
# |
0 |
|a Management
|
| 650 |
# |
0 |
|a Churchill, Winston
|